Особенности миграции химических элементов в природных водах Тунгусской синеклизы в связи с поисками нефтяных и газовых месторождений: окончательный отчет о НИР; тема: 2-73/77

Dettagli Bibliografici
Ente Autore: Томский политехнический институт (ТПИ) (595)
Altri autori: Назаров А. Д. Александр Дмитриевич (руководитель), Зуев В. А. (исполнитель)
Lingua:russo
Pubblicazione: Томск, 1981
Soggetti:
Natura: Libro
KOHA link:https://koha.lib.tpu.ru/cgi-bin/koha/opac-detail.pl?biblionumber=160848

MARC

LEADER 00000nbm0a2200000 4500
001 160848
005 20231031155725.0
029 0 0 |a SU  |b 78045084  |f ТПУ 
035 |a (RuTPU)RU\TPU\book\174439 
035 |a RU\TPU\book\170968 
090 |a 160848 
100 |a 20090529d1981 k y0rusy50 ca 
101 0 |a rus 
102 |a RU 
105 |a a p 001zy 
200 1 |a Особенности миграции химических элементов в природных водах Тунгусской синеклизы в связи с поисками нефтяных и газовых месторождений  |e окончательный отчет о НИР  |e тема: 2-73/77  |f Томский политехнический институт (ТПИ) ; руководитель А. Д. Назаров ; В. А. Зуев 
210 |a Томск  |d 1981 
215 |a 129 л. 
320 |a Библиогр.: с. 127-129. 
610 1 |a отчеты о НИР 
610 1 |a гидрогеохимические поиски 
610 1 |a нефть 
610 1 |a газ 
610 1 |a гидрогеохимические аномалии 
610 1 |a природные воды 
610 1 |a тяжелые углеводороды 
610 1 |a ионно-солевой состав 
610 1 |a метан 
610 1 |a гелий 
610 1 |a углеводородокислящая миклофлора 
610 1 |a статистический анализ 
610 1 |a корреляционный анализ 
675 |a 553.98:550.84(04)  |v 3 
702 1 |a Назаров  |b А. Д.  |c гидрогеолог  |c доцент Томского политехнического университета, кандидат геолого-минералогических наук   |f 1938-  |g Александр Дмитриевич  |2 stltpush  |3 (RuTPU)RU\TPU\pers\26074  |4 673 
702 1 |a Зуев  |b В. А.  |4 677 
712 0 2 |a Томский политехнический институт (ТПИ)  |c (1944-1991)  |2 stltpush  |3 (RuTPU)RU\TPU\col\1123  |4 595 
801 1 |a RU  |b 63413507  |c 20090410  |g PSBO 
801 2 |a RU  |b 63413507  |c 20160928  |g PSBO 
942 |c BK